00422pab a2200145 454500008004000000100002200040245008700062260000900149300001500158362000800173650001400181650002600195700002200221773003300243180718b2013 xxu||||| |||| 00| 0 eng d aFernandez, Sergio aEmployment empowerment, employee attitudes and performance: Testing a causal model c2013 ap.490-506. aJun aEmployees aPerformance appraisal aMoldogaziev, Tima aPublic Administration Review